Jan Józef Lipski

Titel: Jan Józef Lipski : biografia źródłowa / Łukasz Garbal
Teil: Tom 2. 1969-1991
Verfasser:
Körperschaft:
Veröffentlicht: Warszawa : Instytut Pamięci Narodowej - Komisja Ścigania Zbrodni przeciwko Narodowi Polskiemu, 2018
Warszawa : Instytut Dokumentacji i Studiów nad Literaturą Polską - Oddział Muzeum Literatury im. Adama Mickiewicza w Warszawie, 2018
Umfang: 943 Seiten, 16 ungezählte Seiten Bildtafeln : Illustrationen
Format: Buch
Sprache: Polnisch
Schriftenreihe/
mehrbändiges Werk:
Jan Józef Lipski / Łukasz Garbal ; Tom 2
alle Bände anzeigen
ISBN: 9788380984820 ; 9788394750084
Buchumschlag
X
alg: 44555755
001A    $00026:22-02-19 
001B    $00026:08-07-19 $t10:45:37.000 
001D    $00026:08-07-19 
001U    $0utf8 
001X    $00 
002@    $0Afu 
002C    $aText $btxt $2rdacontent 
002D    $aohne Hilfsmittel zu benutzen $bn $2rdamedia 
002E    $aBand $bnc $2rdacarrier 
003@    $0445557559 
004A    $A978-83-8098-482-0 $fIPN 
004A    $A978-83-947500-8-4 $fMuzeum Literatury 
007A    $0445557559 $aHEB 
007G    $0DE0205FFC662AAB7542E7C12583F300396799 
009P    $qapplication/pdf $A2 $3Inhaltsverzeichnis $uhttp://scans.hebis.de/HEBCGI/show.pl?44555755_toc.pdf $mV:DE-603;B:DE-Mb50 
010@    $apol 
010E    $erda 
011@    $a2018 
021A    $a1969-1991 
028A    $BVerfasser $4aut $71089846231 $8Garbal, Łukasz$Z1976- [Tp3] $9375037543 
029F    $BHerausgebendes Organ $#Instytut Pamięci Narodowej--Komisja Ścigania Zbrodni przeciwko Narodowi Polskiemu $#Institut des Nationalen Gedenkens $#Institut für Nationales Gedenken $#Institut für Nationales Gedenken - Kommission zur Strafverfolgung von Verbrechen gegen das Polnische Volk $#Institut nacionalʹnoj pamjati Respubliki Polʹša $#Institute of National Remembrance $#Institute of National Remembrance - Commission For the Prosecution of Crimes Against the Polish Nation $#Institutul Memoriei Naţionale - Comisia pentru Condamnarea Crimelor Împotriva Naţiunii Poloneze $#Instytut Pamięci Narodowej - Komisja Ścigania Zbrodni przeciwko Narodowi Polskiemu $#Instytut Pamięci Narodowej Warszawa $#IPN $#Tautos Atminties Institutas $4isb $75525847-5 $8Instytut Pamięci Narodowej [Tb1] $910102116X 
029F    $BHerausgebendes Organ $RMuzeum Literatury Im. Adama Mickiewicza $#Muzeum Literatury Im. Adama Mickiewicza, Instytut Dokumentacji i Studiów nad Literaturą Polską $#Instytut Dokumentacji i Studiów nad Literaturą Polską w Warszawie $4isb $716022978-9 $8Instytut Dokumentacji i Studiów nad Literaturą Polską [Tb1] $9216174767 
033A    $pWarszawa $nInstytut Pamięci Narodowej - Komisja Ścigania Zbrodni przeciwko Narodowi Polskiemu 
033A    $pWarszawa $nInstytut Dokumentacji i Studiów nad Literaturą Polską - Oddział Muzeum Literatury im. Adama Mickiewicza w Warszawie 
034D    $a943 Seiten, 16 ungezählte Seiten Bildtafeln 
034M    $aIllustrationen 
036C    $aJan Józef Lipski $dbiografia źródłowa $x12 $hŁukasz Garbal $lTom 2 
036D    $x12 $8Jan Józef Lipski : biografia źródłowa / Łukasz Garbal $9445554134 
037A    $aLiteraturangaben 

lok: 44555755 24

exp: 44555755 24 1 #EPN
201B/01 $025-04-19 $t14:21:42.000 
201C/01 $025-04-19 
201U/01 $0utf8 
203@/01 $0105038461X 
208@/01 $a25-04-19 $bz 
209A/01 $a19.02364 $du $f050 $h19 02364 $x00 
209C/01 $a19.02364 K $h19 02364 K 
209G/01 $a74296947 $x00 
220C/01 $aho-sz 
247C/01 $8358050-7 Marburg, Bibliothek des Herder-Instituts Marburg $9102600961 

lok: 44555755 66

exp: 44555755 66 1 #EPN
201B/01 $020-08-19 $t11:00:15.000 
201C/01 $020-08-19 
201U/01 $0utf8 
203@/01 $01058104934 
208@/01 $a20-08-19 $bz 
209A/01 $aG Lip/G-2 $du $f000 $x00 
209C/01 $a19/h1249 
247C/01 $8618123-5 Darmstadt, Bibliothek des Deutschen Polen-Instituts $9102600902 

lok: 44555755 78

exp: 44555755 78 1 #EPN
201B/01 $002-06-21 $t10:21:50.000 
201C/01 $002-06-21 
201U/01 $0utf8 
203@/01 $01156328497 
208@/01 $a02-06-21 $be 
209A/01 $a/ $f000 $x00 
209A/01 $ab*p $x01 
220C/01 $apgar 
244Z/01 $#Generalgouvernement Polen $#Polska $#Rzeczpospolita Polska $#Polska Rzeczpospolita Ludowa $#Poland $#Pologne $#République Polonaise $#Generalne Gubernatorstwo w Polsce $#Polish People's Republic $#Polska Rzeczpospolita Polen $#PRL $#RP $#Polen Generalgouvernement $#Polska Generalgouvernement $#Besetzte Polnische Gebiete $#Besetztes Gebiet in Polen $#Okupowane Polskie Obszary $#Obszary Okupowane w Polsce $#Volksrepublik Polen $#Polska Rosyjska $#Republic Polen $#Respublika Pol'ša $#Pol'skaja Narodnaja Respublika $#République de Pologne $#Polen Links der Weichsel $#Polska po Lewej Stronie Wisły $#Lenkija $#Polija $#Gubernija Carstva Pol'skago $#Republik Polen $74046496-9 $8--Tg1--Polen $x01 $9085129801 
247C/01 $82080>Marburg/Lahn, Herder-Institut, Forschungsbibliothek, Bibliographieportal $9336309341 

lok: 44555755 204

exp: 44555755 204 1 #EPN
201B/01 $015-07-19 $t14:12:06.000 
201C/01 $022-02-19 
201U/01 $0utf8 
203@/01 $01046424157 
208@/01 $a15-07-19 $bzUB 
209A/01 $a000 KP 6230 L767 G213-2 $du $f000 $x00 
209G/01 $a63465607 $x00 
245S/01 $a10200 $x01 
247C/01 $8631000-x <26>Gießen, Universität Gießen, Universitätsbibliothek Gießen $9102596697
LEADER 00000cam a2200000 cc4500
001 445557559
003 DE-603
005 20190708104537.0
007 tu
008 190222s2018 xx |||| | u00||u|pol c
020 |a 9788380984820  |c IPN 
020 |a 9788394750084  |c Muzeum Literatury 
035 |a (DE-599)HEB445557559 
040 |a DE-603  |b ger  |c DE-603  |d DE-603  |e rda 
041 |a pol 
100 1 |a Garbal, Łukasz  |d 1976-  |e Verfasser  |4 aut  |0 (DE-603)375037543  |0 (DE-588)1089846231  |2 gnd 
245 0 0 |a Jan Józef Lipski  |b biografia źródłowa  |n Tom 2  |p 1969-1991  |c Łukasz Garbal 
264 1 |a Warszawa  |b Instytut Pamięci Narodowej - Komisja Ścigania Zbrodni przeciwko Narodowi Polskiemu  |c 2018 
264 1 |a Warszawa  |b Instytut Dokumentacji i Studiów nad Literaturą Polską - Oddział Muzeum Literatury im. Adama Mickiewicza w Warszawie  |c 2018 
300 |a 943 Seiten, 16 ungezählte Seiten Bildtafeln  |b Illustrationen 
336 |a Text  |b txt  |2 rdacontent 
337 |a ohne Hilfsmittel zu benutzen  |b n  |2 rdamedia 
338 |a Band  |b nc  |2 rdacarrier 
500 |a Literaturangaben 
710 2 |a Instytut Pamięci Narodowej  |e Herausgebendes Organ  |4 isb  |0 (DE-603)10102116X  |0 (DE-588)5525847-5  |2 gnd 
710 2 |a Instytut Dokumentacji i Studiów nad Literaturą Polską  |e Herausgebendes Organ  |4 isb  |0 (DE-603)216174767  |0 (DE-588)16022978-9  |2 gnd 
773 0 8 |q 12  |w (DE-603)445554134 
856 4 2 |m V:DE-603;B:DE-Mb50  |q application/pdf  |u http://scans.hebis.de/HEBCGI/show.pl?44555755_toc.pdf  |3 Inhaltsverzeichnis 
924 0 |9 Mb 50  |a (DE-603)105038461X  |b DE-Mb50  |c HES  |d c  |g 19.02364 
924 0 |9 Ds 123  |a (DE-603)1058104934  |b DE-Ds123  |c HES  |d d  |g G Lip/G-2 
924 0 |9 2080  |a (DE-603)1156328497  |b DE-2080  |c HES  |d d  |g / 
924 0 |9 26  |a (DE-603)1046424157  |b DE-26  |c HES  |d c  |g 000 KP 6230 L767 G213-2